000 00633nam a22002297a 4500
003 UA-OsUOA
001 25709
007 ta
008 20040426b un ||||| |||| 00| 0 ukr d
100 _aКарай Рефік Халіт
090 _a82
_bК21
942 _cSA
040 _aUA-OsUOA
_bukr
_cUA-OsUOA
_dUA-OsUOA
245 _aЛахмітник
_bОповідання. З турецької переклав Олесь Кульчицький
300 _aС.151-154
955 _a0
041 _aukr
080 _a82
044 _aUA
773 0 _w0
_tВсесвіт
_dК.
_d2004
_g№1-2
650 7 _aЛітература
_2UDC
999 _c312008
_d312008